<?xml version="1.0" encoding="UTF-8"?>
<collection xmlns="http://www.loc.gov/MARC21/slim">
 <record>
  <leader>00732pamaa2200145   4500</leader>
  <controlfield tag="001">0000019118</controlfield>
  <controlfield tag="005">20070216090000.0</controlfield>
  <datafield tag="020" ind1="0" ind2="0">
   <subfield code="a">[ NIL ] </subfield>
  </datafield>
  <datafield tag="090" ind1="0" ind2="0">
   <subfield code="a">TH153 </subfield>
   <subfield code="b">PRO 1998</subfield>
  </datafield>
  <datafield tag="245" ind1="0" ind2="0">
   <subfield code="a">PROCEEDINGS international conference on computer aplications in environmental engineering  </subfield>
   <subfield code="c">organised by Environmental Engineering Technical Division, IEM and Institut Teknologi Mara ; with the support of Malaysian Scientific Association and Environmental Management &amp; Research Association of Malaysia.</subfield>
  </datafield>
  <datafield tag="260" ind1="0" ind2="0">
   <subfield code="a">Petaling Jaya: </subfield>
   <subfield code="b">Institut Teknologi Mara, </subfield>
   <subfield code="c">1998.</subfield>
  </datafield>
  <datafield tag="300" ind1=" " ind2=" ">
   <subfield code="a">Thickness 2 cm.</subfield>
  </datafield>
  <datafield tag="610" ind1="1" ind2="0">
   <subfield code="a">Institute of Engineers of Malaysia </subfield>
  </datafield>
  <datafield tag="650" ind1="0" ind2="0">
   <subfield code="a">Environmental engineering -- </subfield>
   <subfield code="x">Data processing -- </subfield>
   <subfield code="x">Congresses </subfield>
  </datafield>
  <datafield tag="710" ind1="1" ind2="1">
   <subfield code="a">Mara Institute of Technology </subfield>
  </datafield>
 </record>
</collection>
